000 00820nam a2200241Ia 4500
003 OSt
005 20220923223400.0
006 a|||||r|||| 00| 0
007 ta
008 220922b |||||||| |||| 00| 0 hin d
024 _a214,505
037 _cTextual
040 _aARTS
_cARTS
_bhin
041 _2hin
_ahin
082 _aO152,3N05:g(Y15), N0
100 _aमठपाल, सावित्री
245 0 _aजैनेन्द्र के उपन्यासो में नारी पात्र
246 _aJainendra ke upanyāso mean nārī pātra
260 _aजयपुर
_b मंगल प्रका0
_c1987
300 _a210 पृ.
_ccm.
942 _hO152,3N05:g(Y15), N0
_cTEXL
_2CC
999 _c364436
_d364436